Loading...

Supreme Court yearly digest 2010

Bibliographic Details
Format: Printed Book
Language:English
Published: Nagpur All India Reporter 2010
Subjects:
LEADER 00672nam a22001577a 4500
003 OSt
008 101106t xxu||||| |||| 00| 0 eng d
080 |a (094.9)347.991  |b MAN'10 
245 |a Supreme Court yearly digest 2010  |c edited by V. R. Manohar 
260 |a Nagpur  |b All India Reporter  |c 2010 
300 |a 848p. 
653 |a All India Reporter - digest 
942 |c REF  |6 _ 
999 |c 204031  |d 204031 
952 |0 0  |1 0  |4 0  |6 0949347991_MAN10  |7 0  |8 REF  |9 260138  |a SLS  |b SLS  |d 2011-05-10  |o (094.9)347.991 MAN'10  |p SLS028127  |r 2013-10-05  |t 1  |w 2013-10-05  |y REF 
952 |0 0  |1 0  |4 0  |6 0949347991_MAN101  |7 0  |8 REF  |9 260139  |a SLS  |b SLS  |d 2011-05-10  |o (094.9)347.991 MAN'10;1  |p SLS028128  |r 2013-10-05  |t 2  |w 2013-10-05  |y REF